| 000 | 01415nam a2200193 a 4500 | ||
|---|---|---|---|
| 005 | 20241202094238.0 | ||
| 008 | 241128e2023 ag ||||| |||| 001 0 spa d | ||
| 020 | _a9789500207812 | ||
| 041 | _aspa | ||
| 092 |
_c616.8 _l27 _sFUS |
||
| 100 | 1 |
_aFustinoni, Osvaldo _9405 |
|
| 245 |
_aSemiología del sistema nervioso / _cOsvaldo Fustinoni |
||
| 250 | _a15a ed. | ||
| 260 |
_aBuenos Aires: _bEl Ateneo; _c2023. |
||
| 300 |
_a525 p. _b18x26 cm. |
||
| 500 | _aFustinoni, O. (2023). Semiología del sistema nervioso. (15a ed.). Buenos Aires : El Ateneo. | ||
| 653 |
_aNociones de anatomia, fisiologia, histologia y patologia. _aExploración _aFunciones craneanas, sensoriales,oculomotoras y de equilibrio pares craneanos V,VII,XI,y XII. _aFunciones sensitivomotoras de cara, boca, fauces y cuello: pares craneanos V, VII, IX y XII. Sindromes de pares craneanos asociados _aMotilidad _aTono muscular _aTrofismo _aTaxia _aReflejos, clonus y sincinesias _aManifestaciones motoras de hiperrexcitabilidad central y periférica _aMovimientos anormales y sindromes extrapiramidales _aSensibilidad _aSueño conciencia y coma _aPalabra y funciones cerebrales superiores: lenguaje, praxia, gnosia, memoria. _aSindromes vasculares _aSindromes cognitivos _aSindromes semiológicos de otras afecciones del sistema nervioso. _aSindromes funcionales y su deteccion _aSemiologia psiquiatrica y comportamiento _aEstudios complementarios |
||
| 942 |
_2ddc _cBK |
||
| 999 |
_c3211 _d3211 |
||